000 00673nam a2200181Ia 4500
003 GCL
008 140319s9999 xx 000 0 ara d
020 _a7033818977
040 _aGCL /
_cGCL
082 0 4 _a011
_bع ب
100 1 _aعزالدين اسماعيل احمد
245 1 0 _aالببليوجرافية التحليلية لاصدارات مركز تاريخ مصر المعاصر /
_cعزالدين اسماعيل احمد
260 _aالقاهرة :
_bدار الكتب والوثائق القومية ،
_c2004
300 _a312 ص ؛
_c30 سم
650 0 4 _aالببليوجرافيات
650 0 4 _aمصر - ببليوجرافيات
942 _2ddc
_cBK
999 _c6884
_d6884